[Event "36. Copenhagen Open (Politiken Cup)"]
[Site "Elsinore"]
[Date "2014.07.26"]
[Round "7"]
[White "Brouwer, Rein"]
[Black "Aabling Thomsen, Jakob"]
[Result "1-0"]
[WhiteElo "2035"]
[BlackElo "2333"]
[PlyCount "71"]
[EventDate "2014.07.21"]
[EventType "swiss"]
[EventRounds "10"]
[EventCountry "DEN"]
[Source "ChessBase"]
[SourceDate "2014.08.29"]

1. d4 Nf6 2. c4 g6 3. Nc3 d5 4. cxd5 Nxd5 5. Bd2 Bg7 6. e4 Nxc3 7. Bxc3 O-O 8.
Nf3 c5 9. d5 e6 10. Be2 exd5 11. exd5 Qd6 12. Qd2 Nd7 13. O-O Nf6 14. Rad1 Rd8
15. Be5 Qb6 16. Bc4 Ne4 17. Qf4 Nd6 18. Rfe1 Bf5 19. g4 Bxe5 20. Nxe5 Bd7 21.
Nxf7 Nxc4 22. Nh6+ Kh8 23. Nf7+ Kg8 24. Nxd8 Rxd8 25. Qxc4 Qd6 26. Re3 Rf8 27.
h3 Rf7 28. Qe4 b5 29. Qe5 Qb6 30. Qg5 Qd6 31. Rde1 c4 32. Qd8+ Qf8 33. Re8 Bxe8
34. Rxe8 Rxf2 35. Rxf8+ Rxf8 36. Qa5 1-0

[Event "36. Copenhagen Open (Politiken Cup)"]
[Site "Elsinore"]
[Date "2014.07.26"]
[Round "7"]
[White "Carnstam, Tomas"]
[Black "Mott, Jens"]
[Result "1-0"]
[WhiteElo "2097"]
[BlackElo "1881"]
[PlyCount "135"]
[EventDate "2014.07.21"]
[EventType "swiss"]
[EventRounds "10"]
[EventCountry "DEN"]
[Source "ChessBase"]
[SourceDate "2014.08.29"]

1. c4 Nf6 2. Nc3 c5 3. g3 g6 4. Bg2 Bg7 5. Nf3 Nc6 6. d4 cxd4 7. Nxd4 O-O 8.
O-O Nxd4 9. Qxd4 d6 10. Qh4 Rb8 11. Rd1 b6 12. Bg5 Bb7 13. Rac1 Bxg2 14. Kxg2
Rb7 15. b3 Qa8 16. f3 Re8 17. e4 Kh8 18. Qf4 Nh5 19. Qd2 Nf6 20. Nd5 Ng8 21.
Be3 Qc8 22. h4 h5 23. Bd4 e5 24. Be3 f5 25. exf5 gxf5 26. Bg5 Qe6 27. Qe2 Qg6
28. Re1 Bh6 29. f4 Rg7 30. Qb2 Re6 31. Qc3 Kh7 32. Re3 e4 33. Rd1 Rf7 34. Nb4
Bg7 35. Qd2 Bf6 36. Qd5 Bxg5 37. hxg5 Ne7 38. Qd2 Kg8 39. Rh1 Rh7 40. Rh4 Qg7
41. Nd5 Ng6 42. Rh1 Kf7 43. Nc7 h4 44. Nxe6 Qh8 45. Qxd6 Qb2+ 46. Kf1 h3 47.
Qd7+ Ne7 48. Nd8+ Kf8 49. Re2 Qc1+ 50. Re1 Qc3 51. Ne6+ Kf7 52. g6+ Kxg6 53.
Qd1 Rh8 54. Ng5 h2 55. Qd6+ Kh5 56. Rxh2+ Kg4 57. Qd1+ Kxg3 58. Rxh8 Kxf4 59.
Qc1+ Qxc1 60. Rxc1 Kxg5 61. Rh7 Nc6 62. Kf2 Ne5 63. Rg1+ Ng4+ 64. Rxg4+ Kxg4
65. Rg7+ Kf4 66. Rxa7 Ke5 67. Re7+ Kf4 68. b4 1-0

[Event "36. Copenhagen Open (Politiken Cup)"]
[Site "Elsinore"]
[Date "2014.07.26"]
[Round "7"]
[White "Carstensen, Jacob"]
[Black "Hillarp Persson, Tiger"]
[Result "0-1"]
[WhiteElo "2375"]
[BlackElo "2564"]
[PlyCount "46"]
[EventDate "2014.07.21"]
[EventType "swiss"]
[EventRounds "10"]
[EventCountry "DEN"]
[Source "ChessBase"]
[SourceDate "2014.08.29"]

1. d4 Nf6 2. c4 e6 3. Nc3 Bb4 4. e3 b6 5. Bd3 Bb7 6. Nf3 O-O 7. O-O d5 8. cxd5
exd5 9. a3 Bd6 10. b4 a6 11. Qb3 Qe7 12. Bb2 Nbd7 13. b5 axb5 14. Nxb5 c5 15.
Nxd6 Qxd6 16. Bb5 Bc6 17. a4 Bxb5 18. axb5 c4 19. Ba3 cxb3 20. Bxd6 Rxa1 21.
Rxa1 b2 22. Rb1 Ra8 23. Nd2 Ne4 0-1

[Event "36. Copenhagen Open (Politiken Cup)"]
[Site "Elsinore"]
[Date "2014.07.26"]
[Round "7"]
[White "Christensen, Thomas2"]
[Black "Svedberg, Hans"]
[Result "1/2-1/2"]
[WhiteElo "2139"]
[BlackElo "1997"]
[PlyCount "36"]
[EventDate "2014.07.21"]
[EventType "swiss"]
[EventRounds "10"]
[EventCountry "DEN"]
[Source "ChessBase"]
[SourceDate "2014.08.29"]

1. d4 Nf6 2. Nc3 d5 3. e4 dxe4 4. f3 exf3 5. Nxf3 g6 6. Bd3 Bg7 7. O-O O-O 8.
Qe1 Bg4 9. Qh4 h5 10. h3 Bxf3 11. Rxf3 Nc6 12. Ne2 Nb4 13. Bg5 Nxd3 14. Rxd3
Qd7 15. Rf1 a5 16. g4 Ra6 17. c3 Re6 18. Ng3 Ne4 1/2-1/2

[Event "36. Copenhagen Open (Politiken Cup)"]
[Site "Elsinore"]
[Date "2014.07.26"]
[Round "7"]
[White "Christiansen, Torsten Sundgaar"]
[Black "Green, Per"]
[Result "0-1"]
[WhiteElo "1793"]
[BlackElo "1984"]
[PlyCount "56"]
[EventDate "2014.07.21"]
[EventType "swiss"]
[EventRounds "10"]
[EventCountry "DEN"]
[Source "ChessBase"]
[SourceDate "2014.08.29"]

1. d4 Nf6 2. e3 e6 3. Bd3 c5 4. c3 Nc6 5. f4 b6 6. Nf3 Bb7 7. Nbd2 Qc7 8. a4
cxd4 9. cxd4 Nb4 10. Ra3 Nxd3+ 11. Rxd3 Nd5 12. Kf2 Ba6 13. Qb3 Bxd3 14. Qxd3
Rc8 15. Re1 Nb4 16. Qb3 Qc2 17. Qxc2 Rxc2 18. Ke2 d5 19. Kd1 Be7 20. Re2 O-O
21. Ne1 Rc7 22. Nb3 Rfc8 23. Bd2 Rc4 24. a5 h6 25. axb6 axb6 26. Rf2 Ra8 27.
Ke2 Ra2 28. Bc1 Rc3 0-1

[Event "36. Copenhagen Open (Politiken Cup)"]
[Site "Elsinore"]
[Date "2014.07.26"]
[Round "7"]
[White "Cornette, Matthieu"]
[Black "Moiseenko, Alexander"]
[Result "0-1"]
[WhiteElo "2532"]
[BlackElo "2707"]
[PlyCount "120"]
[EventDate "2014.07.21"]
[EventType "swiss"]
[EventRounds "10"]
[EventCountry "DEN"]
[Source "ChessBase"]
[SourceDate "2014.08.29"]

1. Nf3 Nf6 2. c4 e6 3. g3 d5 4. Bg2 d4 5. O-O c5 6. e3 Nc6 7. exd4 cxd4 8. d3
Bd6 9. Bg5 h6 10. Bxf6 Qxf6 11. Nbd2 Qe7 12. Re1 O-O 13. a3 a5 14. Rc1 a4 15.
Ne4 Bc7 16. c5 f5 17. Ned2 e5 18. Nxe5 Nxe5 19. f4 Be6 20. Qe2 Ba5 21. fxe5 f4
22. Rf1 fxg3 23. hxg3 Qg5 24. Ne4 Qxe5 25. Rxf8+ Rxf8 26. c6 b6 27. c7 Rc8 28.
Nc3 Qe3+ 29. Qxe3 dxe3 30. Nd5 Bxd5 31. Bxd5+ Kf8 32. Be6 Rxc7 33. Rxc7 e2 34.
Rc1 e1=Q+ 35. Rxe1 Bxe1 36. Kg2 Ke7 37. Bg8 b5 38. b3 b4 39. bxa4 bxa3 40. g4
Kd6 41. Kf3 Kc5 42. Ke4 Kb4 43. d4 Kxa4 44. Kd3 Kb4 45. Bc4 Bh4 46. Ba2 Bf6 47.
Bc4 Ka5 48. Ke4 Kb6 49. Kd5 Kc7 50. Ba2 Kd7 51. Bb3 Ke8 52. Ke4 Ke7 53. Ba2 g6
54. Kd5 Bh4 55. Ke5 Bg3+ 56. Ke4 Kf6 57. Kd3 Kg5 58. Be6 h5 59. gxh5 Kxh5 60.
Ke4 g5 0-1

[Event "36. Copenhagen Open (Politiken Cup)"]
[Site "Elsinore"]
[Date "2014.07.26"]
[Round "7"]
[White "Degerfeldt, Sven"]
[Black "Mortensen, Jan T"]
[Result "0-1"]
[WhiteElo "1920"]
[BlackElo "2083"]
[PlyCount "84"]
[EventDate "2014.07.21"]
[EventType "swiss"]
[EventRounds "10"]
[EventCountry "DEN"]
[Source "ChessBase"]
[SourceDate "2014.08.29"]

1. d4 f5 2. c4 Nf6 3. Nc3 e6 4. e3 b6 5. f4 Bb7 6. Nf3 Bb4 7. Be2 Bxc3+ 8. bxc3
O-O 9. Qb3 Nc6 10. O-O Na5 11. Qb2 Ne4 12. Bd2 Ba6 13. Rfd1 Bxc4 14. Be1 Qe8
15. Bxc4 Nxc4 16. Qe2 d5 17. Ne5 Nxe5 18. dxe5 b5 19. a4 c6 20. axb5 cxb5 21.
Ra6 Nc5 22. Rd6 a6 23. Ra1 Qc8 24. Ra3 Rd8 25. Rxd8+ Qxd8 26. g4 g6 27. gxf5
gxf5 28. Kh1 Ra7 29. Qh5 Rg7 30. Bh4 Qa8 31. Qf3 Ne4 32. Ra2 Qb7 33. Bf6 Rg6
34. Rg2 Nxc3 35. h4 Rxg2 36. Qxg2+ Kf8 37. Qg5 Ne4 38. Qh6+ Kg8 39. Kh2 Qf7 40.
h5 Qf8 41. Bg7 Qxg7 42. Qxe6+ Qf7 0-1

[Event "36. Copenhagen Open (Politiken Cup)"]
[Site "Elsinore"]
[Date "2014.07.26"]
[Round "7"]
[White "Dyrnes, Jussi"]
[Black "Rogers, Timothy"]
[Result "0-1"]
[WhiteElo "1834"]
[BlackElo "2011"]
[PlyCount "126"]
[EventDate "2014.07.21"]
[EventType "swiss"]
[EventRounds "10"]
[EventCountry "DEN"]
[Source "ChessBase"]
[SourceDate "2014.08.29"]

1. e4 c6 2. Nf3 d5 3. exd5 cxd5 4. Bb5+ Bd7 5. Be2 Nc6 6. d4 Qc7 7. O-O Nf6 8.
b3 Bg4 9. Ba3 e6 10. Bxf8 Kxf8 11. Nbd2 g6 12. h3 Bxf3 13. Nxf3 Ne4 14. Qc1 Nc3
15. Qh6+ Kg8 16. Bd3 Nb4 17. Ne5 Nxd3 18. cxd3 f6 19. Ng4 f5 20. Ne5 Ne2+ 21.
Kh1 Nxd4 22. f4 Qg7 23. Qh4 Nc6 24. Nf3 h6 25. Rac1 Re8 26. Rfe1 Qe7 27. Qg3
Kh7 28. Re2 Qf6 29. Rec2 Re7 30. Qf2 Rd8 31. a3 d4 32. b4 g5 33. b5 Na5 34.
fxg5 hxg5 35. Qe1 g4 36. hxg4 fxg4 37. Qe4+ Qf5 38. Rc7 Rdd7 39. Rxd7 Rxd7 40.
Qxe6 Qxe6 41. Ng5+ Kh6 42. Nxe6 Nb3 43. Nc5 Nxc5 44. Rxc5 Re7 45. Kh2 Re3 46.
a4 Rxd3 47. Rd5 Kg6 48. b6 axb6 49. Rb5 Ra3 50. Rb4 g3+ 51. Kh3 d3 52. Rd4 Kf5
53. Kxg3 Ke5 54. Rd7 Ke4 55. Kf2 Ra2+ 56. Ke1 Rxa4 57. g4 Ke3 58. Re7+ Re4 59.
Rxb7 Rxg4 60. Re7+ Kd4 61. Rd7+ Kc3 62. Rc7+ Rc4 63. Rb7 Kc2 0-1

[Event "36. Copenhagen Open (Politiken Cup)"]
[Site "Elsinore"]
[Date "2014.07.26"]
[Round "7"]
[White "Englert, Fabian"]
[Black "Kristiansen, Jens"]
[Result "1-0"]
[WhiteElo "2304"]
[BlackElo "2412"]
[PlyCount "65"]
[EventDate "2014.07.21"]
[EventType "swiss"]
[EventRounds "10"]
[EventCountry "DEN"]
[Source "ChessBase"]
[SourceDate "2014.08.29"]

1. d4 Nf6 2. Bg5 Ne4 3. Bf4 c5 4. d5 Qb6 5. Nd2 Nxd2 6. Bxd2 d6 7. e4 Nd7 8.
Bc3 Nf6 9. f3 g6 10. Bc4 Bg7 11. Ne2 O-O 12. O-O Bd7 13. a4 a6 14. Qd3 Qc7 15.
a5 Rad8 16. f4 Rfe8 17. Ng3 e6 18. h3 exd5 19. exd5 Bb5 20. f5 Bxc4 21. Qxc4
Re3 22. fxg6 Rxg3 23. Bxf6 Bxf6 24. gxh7+ Kh8 25. Rxf6 Rg7 26. Raf1 Re8 27. Qf4
Re2 28. Rf2 Qe7 29. Rxd6 Re1+ 30. Kh2 Re2 31. Rxe2 Qxe2 32. Rd8+ Kxh7 33. Qh4+
1-0

[Event "36. Copenhagen Open (Politiken Cup)"]
[Site "Elsinore"]
[Date "2014.07.26"]
[Round "7"]
[White "Fossan, Benjamin"]
[Black "Helin, Mikael"]
[Result "0-1"]
[WhiteElo "1676"]
[BlackElo "1885"]
[PlyCount "144"]
[EventDate "2014.07.21"]
[EventType "swiss"]
[EventRounds "10"]
[EventCountry "DEN"]
[Source "ChessBase"]
[SourceDate "2014.08.29"]

1. e4 c5 2. Nf3 a6 3. d4 cxd4 4. Nxd4 e6 5. a3 Qc7 6. Nc3 Nf6 7. Be3 b5 8. Bd3
Bb7 9. O-O h5 10. f3 Bc5 11. Qe2 Bd6 12. h3 h4 13. f4 Nh5 14. Qg4 Nc6 15. Nxc6
dxc6 16. Qxh4 Be7 17. Qf2 c5 18. e5 f5 19. exf6 Nxf6 20. Bg6+ Kf8 21. Rad1 Qc6
22. Qg3 b4 23. axb4 cxb4 24. Ne2 Nd5 25. Be4 Qc7 26. Nd4 Qb6 27. Nf5 exf5 28.
Bxb6 fxe4 29. Bd4 Nf6 30. Bxf6 gxf6 31. Rd7 Rh7 32. Qb3 Bc5+ 33. Kh2 Rxd7 34.
Qe6 Rd6 35. Qf5 Rc8 36. h4 e3 37. h5 Bb6 38. h6 Rc5 39. Qg6 Rd2 40. h7 Rxg2+
41. Qxg2 Rh5+ 42. Qh3 Rxh3+ 43. Kxh3 Kg7 44. Rd1 e2 45. Rd7+ Kh8 46. Re7 Bf3
47. Kg3 Bh5 48. Kh4 e1=Q+ 49. Rxe1 Bf2+ 50. Kxh5 Bxe1 51. Kg6 a5 52. b3 Bc3 53.
Kh6 Bd4 54. Kg6 Be3 55. Kxf6 Bxf4 56. Kf5 Bd2 57. Ke4 Kxh7 58. Kd3 Bc3 59. Ke2
Kg6 60. Kd1 Kf5 61. Kc1 Ke4 62. Kb1 Ke3 63. Kc1 Ke2 64. Kb1 Kd2 65. Ka2 a4 66.
Kb1 axb3 67. cxb3 Be5 68. Ka2 Kc3 69. Ka1 Kxb3+ 70. Kb1 Ka3 71. Kc2 Ka2 72. Kd3
b3 0-1

[Event "36. Copenhagen Open (Politiken Cup)"]
[Site "Elsinore"]
[Date "2014.07.26"]
[Round "7"]
[White "Fries Nielsen, Jens Ove"]
[Black "Buchal, Stephan"]
[Result "1/2-1/2"]
[WhiteElo "2398"]
[BlackElo "2295"]
[PlyCount "109"]
[EventDate "2014.07.21"]
[EventType "swiss"]
[EventRounds "10"]
[EventCountry "DEN"]
[Source "ChessBase"]
[SourceDate "2014.08.29"]

1. d4 g6 2. Nc3 Bg7 3. Bf4 d6 4. Qd2 Nd7 5. Nf3 c5 6. dxc5 Nxc5 7. e4 Bg4 8.
Bb5+ Kf8 9. Be3 Bxf3 10. gxf3 Qa5 11. Bd4 a6 12. Be2 Ne6 13. Bxg7+ Kxg7 14. f4
Nf6 15. f5 Nc5 16. h4 Na4 17. Nxa4 Qxa4 18. f3 Rac8 19. c4 a5 20. a3 Qb3 21.
Rc1 Qb6 22. Rc3 Rc5 23. Re3 gxf5 24. exf5 Re5 25. Rxe5 dxe5 26. Qc3 Qc7 27.
Rg1+ Kf8 28. Qe3 h6 29. Qa7 Ne8 30. c5 Qc8 31. Kf2 Rg8 32. Rxg8+ Kxg8 33. Qxa5
Nf6 34. Bd3 e4 35. Bxe4 Qb8 36. Ke3 Qe5 37. Qd8+ Kg7 38. Qd4 Qc7 39. b4 Kh7 40.
b5 Qh2 41. Kd3 Qxh4 42. c6 bxc6 43. bxc6 Qg3 44. Qc4 Qc7 45. Qxf7+ Kh8 46. a4
h5 47. Bd5 Qe5 48. Kc4 h4 49. Qe6 Qf4+ 50. Be4 Qc7 51. Qf7 h3 52. Qf8+ Kh7 53.
Qf7+ Kh8 54. Qf8+ Kh7 55. Qf7+ 1/2-1/2

[Event "36. Copenhagen Open (Politiken Cup)"]
[Site "Elsinore"]
[Date "2014.07.26"]
[Round "7"]
[White "Fries Nielsen, Niels Jorgen"]
[Black "Riis, Jens"]
[Result "1/2-1/2"]
[WhiteElo "2297"]
[BlackElo "2172"]
[PlyCount "43"]
[EventDate "2014.07.21"]
[EventType "swiss"]
[EventRounds "10"]
[EventCountry "DEN"]
[Source "ChessBase"]
[SourceDate "2014.08.29"]

1. g3 d5 2. Bg2 Nf6 3. d3 c6 4. Nd2 e5 5. h3 Be7 6. e3 O-O 7. Ne2 Re8 8. O-O
Qc7 9. b3 Nbd7 10. Bb2 a5 11. a4 Bf8 12. Rc1 Rb8 13. Kh2 b5 14. Ra1 Bd6 15. e4
dxe4 16. dxe4 Nc5 17. axb5 cxb5 18. Nc3 Bd7 19. Nd5 Nxd5 20. exd5 Bf5 21. Re1
a4 22. Ne4 1/2-1/2

[Event "36. Copenhagen Open (Politiken Cup)"]
[Site "Elsinore"]
[Date "2014.07.26"]
[Round "7"]
[White "Frisk, Hans"]
[Black "Fossan, Andreas"]
[Result "1/2-1/2"]
[WhiteElo "2042"]
[BlackElo "1712"]
[PlyCount "100"]
[EventDate "2014.07.21"]
[EventType "swiss"]
[EventRounds "10"]
[EventCountry "DEN"]
[Source "ChessBase"]
[SourceDate "2014.08.29"]

1. c4 e5 2. g3 g6 3. Bg2 Bg7 4. Nc3 Nc6 5. e4 f5 6. exf5 d6 7. fxg6 hxg6 8. d3
Be6 9. h4 Nf6 10. Bg5 Qd7 11. Nd5 Rf8 12. Qd2 O-O-O 13. O-O-O Rde8 14. Nxf6
Bxf6 15. Be4 Bxg5 16. Qxg5 Rxf2 17. Nf3 Nb4 18. Rd2 Nxa2+ 19. Kb1 Rxd2 20. Qxd2
Qa4 21. Qc2 Qxc2+ 22. Kxc2 Nb4+ 23. Kc3 a5 24. Bxg6 Rg8 25. h5 Bg4 26. Bf7 Rg7
27. h6 Rxf7 28. Ng5 Rf8 29. h7 Rh8 30. Nf7 Rxh7 31. Rxh7 Be2 32. d4 e4 33. Ng5
Bd3 34. Re7 d5 35. c5 c6 36. Ne6 e3 37. Nf4 Be4 38. g4 Na2+ 39. Kb3 Nc1+ 40.
Ka4 e2 41. Nxe2 Nxe2 42. Kxa5 Nxd4 43. Kb4 Nf3 44. Kb3 Bb1 45. Rf7 Ne5 46. Rf8+
Kd7 47. g5 Nd3 48. Rf1 Nxc5+ 49. Kb4 Na6+ 50. Ka5 Be4 1/2-1/2

[Event "36. Copenhagen Open (Politiken Cup)"]
[Site "Elsinore"]
[Date "2014.07.26"]
[Round "7"]
[White "Gao, Rui"]
[Black "Koepke, Christian"]
[Result "1-0"]
[WhiteElo "2529"]
[BlackElo "2322"]
[PlyCount "117"]
[EventDate "2014.07.21"]
[EventType "swiss"]
[EventRounds "10"]
[EventCountry "DEN"]
[Source "ChessBase"]
[SourceDate "2014.08.29"]

1. e4 c5 2. Nf3 d6 3. d4 cxd4 4. Nxd4 Nf6 5. Nc3 g6 6. Be3 Bg7 7. f3 O-O 8. Qd2
Nc6 9. Bc4 Bd7 10. h4 h5 11. O-O-O Rc8 12. Bb3 Ne5 13. Bg5 Rc5 14. Kb1 Re8 15.
Bh6 Nc4 16. Bxc4 Rxc4 17. Bxg7 Kxg7 18. Nd5 e5 19. Nxf6 Qxf6 20. Nb3 Rec8 21.
Qxd6 Be6 22. c3 R4c6 23. Qd2 Qe7 24. f4 Bxb3 25. axb3 exf4 26. Qxf4 Rf6 27. Qe3
Re8 28. Rhe1 Re6 29. g3 Rxe4 30. Qxe4 Qxe4+ 31. Rxe4 Rxe4 32. Rd7 b6 33. Rxa7
Re3 34. Rb7 Rxg3 35. Rxb6 f5 36. Kc2 f4 37. c4 Rg2+ 38. Kd3 Rxb2 39. Ke4 Rh2
40. c5 Rxh4 41. c6 f3+ 42. Kxf3 Rh3+ 43. Ke2 Rc3 44. Kd2 Rc5 45. b4 Rc4 46. b5
h4 47. Rb7+ Kh6 48. Rb8 Kg7 49. Rb7+ Kh6 50. Re7 h3 51. Re3 h2 52. Rh3+ Kg7 53.
Rxh2 Rc5 54. Kd3 Rxb5 55. c7 Rb3+ 56. Kc2 Ra3 57. c8=Q Ra2+ 58. Kb1 Rxh2 59.
Qc7+ 1-0

[Event "36. Copenhagen Open (Politiken Cup)"]
[Site "Elsinore"]
[Date "2014.07.26"]
[Round "7"]
[White "Grebstad, Kjell Borre"]
[Black "Jorgensen, Alexander Torp"]
[Result "1-0"]
[WhiteElo "1994"]
[BlackElo "1762"]
[PlyCount "107"]
[EventDate "2014.07.21"]
[EventType "swiss"]
[EventRounds "10"]
[EventCountry "DEN"]
[Source "ChessBase"]
[SourceDate "2014.08.29"]

1. d4 Nf6 2. c4 g6 3. Nc3 Bg7 4. e4 d6 5. Nf3 O-O 6. g3 c5 7. Bg2 b5 8. e5 dxe5
9. Nxe5 cxd4 10. Bxa8 dxc3 11. Qxd8 Rxd8 12. bxc3 Nh5 13. f4 Nd7 14. O-O Nxe5
15. fxe5 Be6 16. Bd5 Bxd5 17. cxd5 Rxd5 18. g4 Bxe5 19. gxh5 Bxc3 20. Rb1 Rxh5
21. Be3 a5 22. Rbd1 f6 23. Rd7 Kf7 24. Bd4 Bxd4+ 25. Rxd4 Rg5+ 26. Kf2 Rc5 27.
Rfd1 Rf5+ 28. Kg3 Rg5+ 29. Kh3 Re5 30. R1d2 Ke6 31. Kg3 g5 32. Kg4 Rc5 33. Re2+
Re5 34. Rxe5+ Kxe5 35. Rd7 e6 36. Rb7 f5+ 37. Kxg5 b4 38. Rb5+ Ke4 39. Rxa5 f4
40. Kg4 e5 41. Rb5 h5+ 42. Kh3 f3 43. Rxb4+ Ke3 44. Kg3 e4 45. Rxe4+ Kxe4 46.
Kf2 h4 47. h3 Kf4 48. a4 Ke4 49. a5 Kd5 50. Kxf3 Kc5 51. Kg4 Kb5 52. Kxh4 Kxa5
53. Kg5 Kb6 54. Kf6 1-0

[Event "36. Copenhagen Open (Politiken Cup)"]
[Site "Elsinore"]
[Date "2014.07.26"]
[Round "7"]
[White "Hansen, Anders1"]
[Black "Jensen, Ib"]
[Result "1-0"]
[WhiteElo "1735"]
[BlackElo "1982"]
[PlyCount "89"]
[EventDate "2014.07.21"]
[EventType "swiss"]
[EventRounds "10"]
[EventCountry "DEN"]
[Source "ChessBase"]
[SourceDate "2014.08.29"]

1. b3 e5 2. Bb2 Nc6 3. e3 Nf6 4. Bb5 d6 5. d4 Bd7 6. Nf3 e4 7. Bxc6 Bxc6 8.
Nfd2 Be7 9. c4 d5 10. Nc3 O-O 11. cxd5 Bxd5 12. Rc1 Re8 13. Nxd5 Nxd5 14. Nxe4
Bb4+ 15. Nc3 Qh4 16. O-O Nxc3 17. Bxc3 Bd6 18. g3 Qh3 19. Qf3 Re6 20. Qg2 Qg4
21. Qxb7 Rae8 22. Qg2 h5 23. h3 Qg6 24. h4 Re4 25. Ba5 R8e7 26. Rc4 Qf5 27. Bb4
R7e6 28. Bxd6 cxd6 29. Rc8+ Kh7 30. Ra8 Rxh4 31. Rxa7 Rhe4 32. b4 h4 33. Ra5 d5
34. f4 Rg6 35. Rf3 h3 36. g4 Rxg4 37. Rxh3+ Kg6 38. Rg3 Rxg3 39. Qxg3+ Kf6 40.
Kf2 g6 41. Qh4+ Ke6 42. Ra6+ Kd7 43. Rf6 Rxf4+ 44. Qxf4 Qc2+ 45. Kg3 1-0

[Event "36. Copenhagen Open (Politiken Cup)"]
[Site "Elsinore"]
[Date "2014.07.26"]
[Round "7"]
[White "Hansen, Ole Foss"]
[Black "Bjornsson, Eirikur K"]
[Result "0-1"]
[WhiteElo "1766"]
[BlackElo "1939"]
[PlyCount "48"]
[EventDate "2014.07.21"]
[EventType "swiss"]
[EventRounds "10"]
[EventCountry "DEN"]
[Source "ChessBase"]
[SourceDate "2014.08.29"]

1. d4 f5 2. c4 Nf6 3. Nf3 e6 4. g3 Be7 5. Bg2 d6 6. Nc3 O-O 7. O-O Ne4 8. Qc2
Nxc3 9. Qxc3 a5 10. b3 Bf6 11. Bb2 Nc6 12. Rad1 Qe8 13. Rfe1 e5 14. e4 fxe4 15.
Rxe4 Bf5 16. Re2 exd4 17. Qd2 Qh5 18. a3 Bg4 19. Nxd4 Nxd4 20. Bd5+ Qxd5 21.
Bxd4 Qxd4 22. Qe1 Qc3 23. Re4 Bxd1 24. Qxd1 Qa1 0-1

[Event "36. Copenhagen Open (Politiken Cup)"]
[Site "Elsinore"]
[Date "2014.07.26"]
[Round "7"]
[White "Haubro, Martin"]
[Black "Daulyte, Deimante"]
[Result "1-0"]
[WhiteElo "2224"]
[BlackElo "2405"]
[PlyCount "221"]
[EventDate "2014.07.21"]
[EventType "swiss"]
[EventRounds "10"]
[EventCountry "DEN"]
[Source "ChessBase"]
[SourceDate "2014.08.29"]

1. e4 e5 2. Nf3 Nc6 3. Bc4 Nf6 4. d3 Bc5 5. O-O d6 6. c3 a6 7. Bb3 Ba7 8. h3 h6
9. Nbd2 g5 10. Nh2 g4 11. hxg4 Rg8 12. Qf3 Qe7 13. Nc4 Nxg4 14. Ne3 Nxh2 15.
Kxh2 Qh4+ 16. Kg1 Nd8 17. d4 Bh3 18. Rd1 Ne6 19. Kf1 Ng5 20. Qf6 Be6 21. Nf5
Qh1+ 22. Ke2 Qh5+ 23. f3 Bxf5 24. Qxf5 Qg6 25. Qxg6 Rxg6 26. dxe5 dxe5 27. Rd5
Ne6 28. g4 f6 29. Rd1 Ke7 30. Bxe6 Kxe6 31. Rh1 Rh8 32. Rh5 Bc5 33. Bd2 Bf8 34.
Be3 Rh7 35. Rd1 Bd6 36. c4 b6 37. Rc1 Rh8 38. c5 bxc5 39. Bxc5 Rg5 40. Rh2 Rb8
41. b3 h5 42. Be3 hxg4 43. Bxg5 gxf3+ 44. Kxf3 fxg5 45. Rh6+ Kd7 46. Rh7+ Ke6
47. Rch1 Rf8+ 48. Ke2 Be7 49. R1h6+ Kd7 50. Rg6 Kd8 51. Rgg7 Bd6 52. Rxg5 Kc8
53. Rh2 Rf4 54. Kd3 Kb7 55. Re2 Kc6 56. Rc2+ Kb5 57. Rg8 Kb6 58. Rb8+ Ka7 59.
Re8 Kb6 60. Rc4 Rf3+ 61. Ke2 Rh3 62. Ra4 Kb7 63. Ra5 Rg3 64. Rh8 Rc3 65. Rh1
Kb6 66. Ra4 Bc5 67. Rh6+ Bd6 68. Rf6 Kb5 69. Rf3 Rc2+ 70. Kd3 Rh2 71. Rg3 Bc5
72. Rg5 Rh3+ 73. Ke2 Rh2+ 74. Kf3 Bd6 75. Rg8 Bc5 76. Re8 Bd4 77. Re7 Rf2+ 78.
Kg3 Re2 79. Rxc7 Rxe4 80. Rc8 Re2 81. Rb8+ Bb6 82. Kf3 Re3+ 83. Kg4 a5 84. Kf5
Ka6 85. Rh4 Ka7 86. Re8 Bd4 87. Re6 Rf3+ 88. Ke4 Rf7 89. Rhh6 Kb7 90. Ra6 Bc3
91. Rhb6+ Kc7 92. Rc6+ Kb7 93. Rab6+ Ka7 94. Rb5 Rf4+ 95. Kd3 Rf3+ 96. Kc2 Bb4
97. Rxe5 Rf2+ 98. Kb1 Kb7 99. Rc2 Rf3 100. Kb2 Kb6 101. a3 Bf8 102. Re6+ Kb7
103. Rh2 Rf7 104. Rh5 a4 105. b4 Rf2+ 106. Kc3 Rf7 107. Kc4 Kc7 108. Kb5 Bd6
109. Kxa4 Rf8 110. Rh7+ Kc6 111. Rhh6 1-0

[Event "36. Copenhagen Open (Politiken Cup)"]
[Site "Elsinore"]
[Date "2014.07.26"]
[Round "7"]
[White "Haugli, Petter"]
[Black "Houska, Jovanka"]
[Result "1/2-1/2"]
[WhiteElo "2286"]
[BlackElo "2409"]
[PlyCount "105"]
[EventDate "2014.07.21"]
[EventType "swiss"]
[EventRounds "10"]
[EventCountry "DEN"]
[Source "ChessBase"]
[SourceDate "2014.08.29"]

1. d4 d5 2. c4 c6 3. Nf3 Nf6 4. Nc3 a6 5. h3 b5 6. c5 g6 7. Bf4 Bg7 8. e3 Bf5
9. g4 Be4 10. Bg2 O-O 11. O-O Nbd7 12. Bh2 h6 13. a4 Re8 14. b4 Bxf3 15. Bxf3
e5 16. Qc2 exd4 17. exd4 Nh7 18. Ne2 Ng5 19. Bg2 Qe7 20. Ra2 Rac8 21. Qd3 Ne6
22. Rd1 Ndf8 23. Bg3 g5 24. Bd6 Qb7 25. Qc3 Ng6 26. Ng3 Nh4 27. Nf5 Nxf5 28.
gxf5 Nf4 29. Bxf4 gxf4 30. axb5 axb5 31. Qd2 Ra8 32. Rxa8 Rxa8 33. Qxf4 Qe7 34.
Rd3 Qf6 35. Rg3 Kh7 36. Rg4 Ra4 37. Qd2 Kh8 38. Bf3 Qxf5 39. Kg2 Ra3 40. Qe2
Kh7 41. Rg3 Ra1 42. Qe8 Ra2 43. Qe3 Rb2 44. Bg4 Qe4+ 45. Qxe4+ dxe4 46. Bf5+
Kh8 47. Bxe4 Bxd4 48. Rf3 f6 49. Bxc6 Rxb4 50. Bd7 Bxc5 51. Rxf6 Rb2 52. Rxh6+
Kg7 53. Rh5 1/2-1/2

[Event "36. Copenhagen Open (Politiken Cup)"]
[Site "Elsinore"]
[Date "2014.07.26"]
[Round "7"]
[White "Hector, Jonny"]
[Black "Smirnov, Anton"]
[Result "1-0"]
[WhiteElo "2483"]
[BlackElo "2334"]
[PlyCount "65"]
[EventDate "2014.07.21"]
[EventType "swiss"]
[EventRounds "10"]
[EventCountry "DEN"]
[Source "ChessBase"]
[SourceDate "2014.08.29"]

1. d4 d5 2. Nc3 Nf6 3. Bg5 Bf5 4. Bxf6 exf6 5. e3 c6 6. Bd3 Bg6 7. Nge2 Bd6 8.
e4 dxe4 9. Nxe4 Bxe4 10. Bxe4 f5 11. Bf3 Qb6 12. O-O O-O 13. c4 Qc7 14. g3 Re8
15. c5 Bf8 16. b4 Nd7 17. d5 Ne5 18. Bg2 cxd5 19. Nc3 Rad8 20. Nxd5 Qc8 21. Qb3
Ng6 22. Rac1 Ne7 23. b5 Nxd5 24. Bxd5 Re7 25. b6 Qb8 26. Rfd1 Rc8 27. Bxf7+ Kh8
28. Be6 Rce8 29. Bd7 Rd8 30. Bxf5 Rxd1+ 31. Rxd1 Re5 32. Qf7 Bxc5 33. Qc7 1-0

[Event "36. Copenhagen Open (Politiken Cup)"]
[Site "Elsinore"]
[Date "2014.07.26"]
[Round "7"]
[White "Hedlerfog, Robert"]
[Black "Rose, Dennis Lauge"]
[Result "1/2-1/2"]
[WhiteElo "1678"]
[BlackElo "1839"]
[PlyCount "71"]
[EventDate "2014.07.21"]
[EventType "swiss"]
[EventRounds "10"]
[EventCountry "DEN"]
[Source "ChessBase"]
[SourceDate "2014.08.29"]

1. c3 f5 2. Qc2 e6 3. d3 b6 4. e4 fxe4 5. dxe4 Bb7 6. f3 Nc6 7. Bf4 Nf6 8. Bd3
Nh5 9. Be3 Ne5 10. Bf1 c5 11. Nd2 Be7 12. Nc4 Nxc4 13. Bxc4 Bh4+ 14. g3 Bg5 15.
Qd2 Bxe3 16. Qxe3 O-O 17. O-O-O Qe7 18. Ne2 Bc6 19. Bb3 b5 20. Bc2 a5 21. Nf4
Nf6 22. Nd3 d6 23. Nf4 Rfd8 24. g4 Be8 25. h4 Nd7 26. h5 c4 27. h6 g6 28. Nh5
Nc5 29. Rd2 b4 30. Qd4 b3 31. Nf6+ Kf8 32. Nd5 Qf7 33. Qh8+ Qg8 34. Qf6+ Qf7
35. Qh8+ Qg8 36. Qf6+ 1/2-1/2